Human values and abnormal behavior ; readings in abnormal psychology /

Bibliographic Details
Main Author: Nunokawa, Walter D.
Format: Book
Language:English
Published: [Chicago] : Scott, Foresman, [1965]
Subjects:

MARC

Tag First Indicator Second Indicator Subfields
LEADER 00000cam a2200000 4500
001 in00000052128
005 20151007080329.0
008 720229s1965 eng u
010 |a  65011906  
035 |a (OCoLC)00252999 
035 |9 AAF4628AM 
040 |c OBE  |d OCL  |d TXA  |d UtOrBLW 
049 |a TXAM  |c [415897] 
090 |a RC458  |b .N8 
092 |a 157  |b N972h 
100 1 |a Nunokawa, Walter D. 
245 1 0 |a Human values and abnormal behavior ;  |b readings in abnormal psychology /  |c [edited by] Walter D. Nunokawa. 
264 1 |a [Chicago] :  |b Scott, Foresman,  |c [1965] 
300 |a 169 pages :  |b illustrations ;  |c 25 cm. 
336 |a text  |b txt  |2 rdacontent 
337 |a unmediated  |b n  |2 rdamedia 
338 |a volume  |b nc  |2 rdacarrier 
504 |a Bibliography: pages 162-169. 
650 0 |a Psychiatry. 
999 |a MARS 
999 f f |s 6b858104-6a4e-3a9f-b5ae-7775dd70b78b  |i adb5739e-419b-3df4-ae03-de8d672f03bf  |t 0 
952 f f |p ric  |a Texas A&M University  |b Rellis Campus  |c Joint Library Facility  |d Remote Storage  |t 0  |e RC458 .N8  |h Library of Congress classification  |i unmediated -- volume  |m A14800527986 
998 f f |a RC458 .N8  |t 0  |l Remote Storage